一度でも国鉄・JR路線が2路線以上通っていたことがある駅 - Statistics

General Stats
  • This quiz has been taken 56 times
    51 since last reset
  • The average score is 303 of 433
Answer Stats
都道府県 Answer 路線 % Correct
北海道 網走 釧網本線・石北本線・湧網線
94%
青森県 青森 奥羽本線・津軽線・東北本線
94%
青森県 八戸 東北新幹線・八戸線・東北本線
90%
北海道 旭川 函館本線・宗谷本線・富良野線
87%
北海道 留萌 留萌本線・羽幌線
87%
北海道 深川 函館本線・留萌本線・深名線
87%
北海道 滝川 函館本線・根室本線
87%
北海道 東釧路 根室本線・釧網本線
87%
北海道 苫小牧 室蘭本線・日高本線
87%
北海道 木古内 海峡線・江差線・松前線
87%
岩手県 盛岡 東北新幹線・東北本線・田沢湖線・山田線
87%
岩手県 大船渡線・盛線
87%
宮城県 石巻 仙石線・石巻線
87%
宮城県 仙台 東北新幹線・東北本線・仙山線・仙石線
87%
福島県 福島 東北新幹線・東北本線・奥羽本線
87%
福島県 郡山 東北新幹線・東北本線・磐越東線・磐越西線
87%
茨城県 水戸 常磐線・水郡線
87%
千葉県 千葉 総武本線・外房線
87%
千葉県 安房鴨川 外房線・内房線
87%
東京都 上野 東北新幹線・東北本線
87%
東京都 東京 東海道新幹線・東北新幹線・東海道本線・東北本線・総武本線・京葉線
87%
東京都 品川 東海道新幹線・東海道本線・山手線・東海道本線(品鶴線)
87%
東京都 立川 中央本線・南武線・青梅線
87%
東京都 八王子 中央本線・横浜線・八高線
87%
三重県 紀勢本線・伊勢線
87%
大阪府 福島 東海道本線(梅田貨物線)・大阪環状線
87%
北海道 南稚内 宗谷本線・天北線
84%
北海道 名寄 宗谷本線・名寄本線・深名線
84%
北海道 帯広 根室本線・士幌線・広尾線
84%
北海道 富良野 根室本線・富良野線
84%
北海道 新夕張 石勝線・石勝線(夕張支線)・石勝線(登川支線)
84%
北海道 白石 函館本線・千歳線
84%
北海道 長万部 函館本線・室蘭本線
84%
青森県 新青森 東北新幹線・奥羽本線
84%
岩手県 花巻 東北本線・釜石線
84%
岩手県 北上 東北新幹線・東北本線・北上線
84%
岩手県 一ノ関 東北新幹線・東北本線・大船渡線
84%
秋田県 秋田 奥羽本線・羽越本線
84%
宮城県 気仙沼 気仙沼線・大船渡線
84%
宮城県 小牛田 東北本線・石巻線・陸羽東線
84%
山形県 新庄 奥羽本線・陸羽東線・陸羽西線
84%
福島県 会津若松 磐越西線・只見線
84%
福島県 いわき 常磐線・磐越東線
84%
栃木県 宇都宮 東北新幹線・東北本線・日光線
84%
群馬県 高崎 上越新幹線・北陸新幹線・高崎線・上越線・信越本線
84%
埼玉県 大宮 東北新幹線・上越新幹線・東北本線・東北本線(支線)・高崎線・川越線
84%
千葉県 成田 成田線・成田線(空港支線)・成田線(我孫子支線)
84%
千葉県 成東 総武本線・東金線
84%
千葉県 木更津 内房線・久留里線
84%
東京都 赤羽 東北本線・東北本線(支線)・東北本線(支線)・赤羽線
84%
東京都 秋葉原 東北本線・総武本線(支線)
84%
東京都 新宿 山手線・中央本線
84%
東京都 大崎 山手線・東海道本線(大崎支線)
84%
東京都 拝島 青梅線・五日市線・八高線
84%
神奈川県 川崎 東海道本線・南武線
84%
神奈川県 横浜 東海道本線・根岸線
84%
神奈川県 大船 東海道本線・横須賀線・根岸線
84%
新潟県 新潟 上越新幹線・信越本線・白新線・越後線
84%
新潟県 新津 信越本線・羽越本線・磐越西線
84%
新潟県 長岡 上越新幹線・信越本線
84%
静岡県 熱海 東海道新幹線・東海道本線・伊東線
84%
滋賀県 近江塩津 北陸本線・湖西線
84%
京都府 山科 東海道本線・湖西線
84%
京都府 京都 東海道新幹線・東海道本線・山陰本線・奈良線
84%
京都府 福知山 山陰本線・福知山線
84%
大阪府 新大阪 東海道新幹線・山陽新幹線・東海道本線・東海道本線(梅田貨物線)・おおさか東線
84%
兵庫県 尼崎 東海道本線・福知山線・JR東西線
84%
兵庫県 西明石 山陽新幹線・山陽本線
84%
兵庫県 加古川 山陽本線・加古川線・高砂線
84%
兵庫県 姫路 山陽新幹線・山陽本線・播但線・播但線(飾磨港線)姫新線
84%
兵庫県 和田山 山陰本線・播但線
84%
兵庫県 豊岡 山陰本線・宮津線
84%
岡山県 岡山 山陽新幹線・山陽本線・宇野線・津山線・吉備線
84%
北海道 北見 石北本線・池北線
81%
北海道 石狩沼田 留萌本線・札沼線
81%
北海道 砂川 函館本線・函館本線(上砂川支線)・歌志内線
81%
北海道 岩見沢 函館本線・室蘭本線・幌内線
81%
北海道 新得 根室本線・石勝線
81%
北海道 沼ノ端 千歳線・室蘭本線
81%
北海道 函館本線・函館本線(砂原支線)
81%
青森県 野辺地 東北本線・大湊線
81%
岩手県 久慈 八戸線・久慈線
81%
岩手県 新花巻 東北新幹線・釜石線
81%
秋田県 東能代 奥羽本線・五能線
81%
秋田県 羽後本荘 羽越本線・矢島線
81%
宮城県 古川 東北新幹線・陸羽東線
81%
宮城県 岩沼 東北本線・常磐線
81%
山形県 北山形 奥羽本線・左沢線
81%
山形県 米沢 奥羽本線・米坂線
81%
福島県 新白河 東北新幹線・東北本線
81%
栃木県 小山 東北新幹線・東北本線・両毛線・水戸線
81%
群馬県 新前橋 上越線・両毛線
81%
埼玉県 南浦和 東北本線・武蔵野線
81%
千葉県 西船橋 総武本線・武蔵野線・京葉線(高谷支線)・京葉線(二俣支線)
81%
千葉県 我孫子 常磐線・成田線(我孫子支線)
81%
千葉県 蘇我 京葉線・外房線・内房線
81%
千葉県 香取 成田線・鹿島線
81%
千葉県 大網 外房線・東金線
81%
千葉県 大原 外房線・木原線
81%
東京都 日暮里 東北本線・常磐線
81%
東京都 錦糸町 総武本線・総武本線(支線)
81%
東京都 府中本町 南武線・武蔵野線
81%
神奈川県 東神奈川 東海道本線・横浜線
81%
神奈川県 小田原 東海道新幹線・東海道本線
81%
新潟県 新発田 羽越本線・白新線・赤谷線
81%
富山県 富山 北陸新幹線・北陸本線・高山本線・富山港線
81%
富山県 高岡 北陸本線・氷見線・城端線
81%
富山県 新高岡 北陸新幹線・城端線
81%
石川県 津幡 北陸本線・七尾線
81%
福井県 越前花堂 北陸本線・越美北線
81%
福井県 敦賀 北陸新幹線・北陸本線・小浜線・柳ヶ瀬線
81%
山梨県 甲府 中央本線・身延線
81%
長野県 長野 北陸新幹線・信越本線
81%
長野県 松本 篠ノ井線・大糸線
81%
長野県 塩尻 中央本線・中央本線(辰野支線)・篠ノ井線
81%
長野県 岡谷 中央本線・中央本線(辰野支線)
81%
岐阜県 美濃太田 高山本線・太多線・越美南線
81%
岐阜県 岐阜 東海道本線・高山本線
81%
岐阜県 大垣 東海道本線・樽見線
81%
静岡県 沼津 東海道本線・御殿場線
81%
静岡県 富士 東海道本線・身延線
81%
静岡県 掛川 東海道新幹線・東海道本線・二俣線
81%
静岡県 浜松 東海道新幹線・東海道本線
81%
静岡県 新所原 東海道本線・二俣線
81%
愛知県 豊橋 東海道新幹線・東海道本線・飯田線
81%
愛知県 金山 東海道本線・中央本線
81%
愛知県 名古屋 東海道新幹線・東海道本線・中央本線・関西本線
81%
三重県 亀山 関西本線・紀勢本線
81%
滋賀県 米原 東海道新幹線・東海道本線・北陸本線
81%
滋賀県 草津 東海道本線・草津線
81%
京都府 東舞鶴 小浜線・舞鶴線・舞鶴線(中舞鶴線)
81%
大阪府 大阪・北新地 東海道本線・東海道本線(梅田貨物線)・大阪環状線・JR東西線
81%
大阪府 京橋 大阪環状線・片町線・JR東西線
81%
大阪府 天王寺 関西本線・大阪環状線・阪和線
81%
奈良県 奈良 関西本線・桜井線
81%
和歌山線 和歌山 紀勢本線・阪和線・和歌山線
81%
兵庫県 神戸 東海道本線・山陽本線
81%
兵庫県 相生 山陽新幹線・山陽本線・赤穂線
81%
鳥取県 鳥取 山陰本線・因美線
81%
鳥取県 伯耆大山 山陰本線・伯備線
81%
鳥取県 米子 山陰本線・境線
81%
広島県 福山 山陽新幹線・山陽本線・福塩線
81%
広島県 三原 山陽新幹線・山陽本線・呉線
81%
広島県 広島 山陽新幹線・山陽本線・芸備線・宇品線
81%
山口県 徳山 山陽新幹線・山陽本線
81%
山口県 新山口 山陽新幹線・山陽本線・山口線・宇部線
81%
香川県 高松 予讃線・高徳線
81%
香川県 宇多津 予讃線・本四備讃線
81%
香川県 多度津 予讃線・土讃線
81%
福岡県 博多 山陽新幹線・九州新幹線・鹿児島本線・博多南線・筑肥線
81%
北海道 音威子府 宗谷本線・天北線
77%
北海道 池田 根室本線・池北線
77%
北海道 追分 室蘭本線・石勝線
77%
北海道 桑園 函館本線・札沼線
77%
北海道 大沼 函館本線・函館本線(砂原支線)・函館本線(藤城支線)
77%
北海道 新函館北斗 北海道新幹線・函館本線
77%
北海道 五稜郭 函館本線・江差線
77%
青森県 川部 奥羽本線・五能線・黒石線
77%
岩手県 宮古 山田線・宮古線
77%
岩手県 釜石 釜石線・山田線
77%
秋田県 大館 奥羽本線・花輪線
77%
秋田県 追分 奥羽本線・男鹿線
77%
秋田県 大曲 奥羽本線・田沢湖線
77%
山形県 余目 羽越本線・陸羽西線
77%
山形県 羽前千歳 奥羽本線・仙山線
77%
山形県 赤湯 奥羽本線・長井線
77%
福島県 安積永盛 東北本線・水郡線
77%
栃木県 宝積寺 東北本線・烏山線
77%
群馬県 桐生 両毛線・足尾線
77%
埼玉県 武蔵浦和 東北本線(支線)・武蔵野線・武蔵野線(西浦和支線)
77%
千葉県 佐倉 総武本線・成田線
77%
千葉県 松岸 総武本線・成田線
77%
東京都 池袋 山手線・赤羽線
77%
東京都 西国分寺 中央本線・武蔵野線
77%
神奈川県 武蔵小杉 東海道本線(品鶴線)・南武線
77%
神奈川県 鶴見 東海道本線・鶴見線・東海道本線(品鶴線)
77%
神奈川県 橋本 横浜線・相模線
77%
神奈川県 茅ヶ崎 東海道本線・相模線
77%
神奈川県 国府津 東海道本線・御殿場線
77%
新潟県 坂町 羽越本線・米坂線
77%
新潟県 東三条 信越本線・弥彦線
77%
新潟県 燕三条 上越新幹線・弥彦線
77%
新潟県 直江津 信越本線・北陸本線
77%
山梨県 小淵沢 中央本線・小海線
77%
長野県 辰野 中央本線(辰野支線)・飯田線
77%
岐阜県 多治見 中央本線・太多線
77%
静岡県 三島 東海道新幹線・東海道本線
77%
静岡県 清水 東海道本線・清水港線
77%
静岡県 静岡 東海道新幹線・東海道本線
77%
愛知県 岡崎 東海道本線・岡多線
77%
愛知県 三河安城 東海道新幹線・東海道本線
77%
愛知県 大府 東海道本線・武豊線
77%
三重県 松阪 紀勢本線・名松線
77%
京都府 木津 関西本線・片町線・奈良線
77%
京都府 綾部 山陰本線・舞鶴線
77%
大阪府 日根野 阪和線・関西空港線
77%
兵庫県 谷川 福知山線・加古川線
77%
島根県 出雲市 山陰本線・大社線
77%
島根県 江津 山陰本線・三江線
77%
島根県 益田 山陰本線・山口線
77%
岡山県 東岡山 山陽本線・赤穂線
77%
岡山県 倉敷 山陽本線・伯備線
77%
岡山県 新見 伯備線・姫新線
77%
岡山県 津山 姫新線・津山線
77%
広島県 横川 山陽本線・可部線
77%
広島県 三次 芸備線・三江線
77%
山口県 岩国 山陽本線・岩徳線
77%
山口県 長門市 山陰本線・山陰本線(仙崎支線)・美祢線
77%
徳島県 徳島 高徳線・牟岐線
77%
愛媛県 北宇和島 予讃線・予土線
77%
福岡県 小倉 山陽新幹線・鹿児島本線・日豊本線
77%
佐賀県 唐津 唐津線・筑肥線
77%
熊本県 熊本 九州新幹線・鹿児島本線・豊肥本線
77%
熊本県 八代 鹿児島本線・肥薩線
77%
鹿児島県 鹿児島 鹿児島本線・日豊本線
77%
北海道 新旭川 宗谷本線・石北本線
74%
北海道 遠軽 石北本線・名寄本線
74%
青森県 中小国 海峡線・津軽線
74%
秋田県 角館 田沢湖線・角館線
74%
宮城県 前谷地 石巻線・気仙沼線
74%
茨城県 下館 水戸線・真岡線
74%
群馬県 渋川 上越線・吾妻線
74%
群馬県 倉賀野 高崎線・八高線
74%
埼玉県 高麗川 川越線・八高線
74%
千葉県 南船橋 京葉線・京葉線(二俣支線)
74%
千葉県 新松戸 常磐線・武蔵野線
74%
東京都 田端 東北本線・山手線
74%
東京都 神田 東北本線・中央本線
74%
東京都 代々木 山手線・中央本線
74%
神奈川県 浜川崎 南武線(浜川崎支線)・鶴見線
74%
新潟県 越後川口 上越線・飯山線
74%
新潟県 小出 上越線・只見線
74%
新潟県 柏崎 信越本線・越後線
74%
新潟県 糸魚川 北陸新幹線・北陸本線・大糸線
74%
長野県 飯山 北陸新幹線・飯山線
74%
長野県 豊野 信越本線・飯山線
74%
長野県 篠ノ井 信越本線・篠ノ井線
74%
長野県 小諸 信越本線・小海線
74%
岐阜県 恵那 中央本線・明知線
74%
三重県 柘植 関西本線・草津線
74%
三重県 多気 紀勢本線・参宮線
74%
大阪府 西九条 大阪環状線・桜島線
74%
大阪府 新今宮 関西本線・大阪環状線
74%
奈良県 王寺 関西本線・和歌山線
74%
兵庫県 兵庫 山陽本線・山陽本線(和田岬線)
74%
岡山県 新倉敷 山陽新幹線・山陽本線
74%
岡山県 総社 伯備線・吉備線
74%
広島県 海田市 山陽本線・呉線
74%
山口県 厚狭 山陽新幹線・山陽本線・美祢線
74%
山口県 小野田 山陽本線・小野田線
74%
徳島県 土讃線・徳島線
74%
愛媛県 内子 予讃線(支線)・内子線
74%
愛媛県 伊予大洲 予讃線・予讃線(支線)
74%
高知県 窪川 土讃線・中村線
74%
高知県 若井 中村線・予土線
74%
福岡県 久留米 九州新幹線・鹿児島本線・久大本線
74%
佐賀県 鳥栖 鹿児島本線・長崎本線
74%
佐賀県 武雄温泉 佐世保線・西九州新幹線
74%
長崎県 佐世保 佐世保線・松浦線
74%
長崎県 諫早 西九州新幹線・長崎本線・大村線
74%
長崎県 長崎 西九州新幹線・長崎本線
74%
大分県 大分 日豊本線・久大本線・豊肥本線
74%
宮崎県 都城 日豊本線・吉都線
74%
鹿児島県 川内 九州新幹線・鹿児島本線・宮之城線
74%
北海道 美深 宗谷本線・美幸線
71%
北海道 美唄 函館本線・函館本線(南美唄支線)
71%
北海道 白糠 根室本線・白糠線
71%
北海道 南千歳 千歳線・千歳線(空港支線)・石勝線
71%
北海道 倶知安 函館本線・胆振線
71%
秋田県 鷹ノ巣 奥羽本線・阿仁合線
71%
秋田県 横手 奥羽本線・北上線
71%
福島県 西若松 只見線・会津線
71%
茨城県 上菅谷 水郡線・水郡線(常陸太田支線)
71%
栃木県 那須塩原 東北新幹線・東北本線
71%
埼玉県 熊谷 上越新幹線・高崎線
71%
神奈川県 新横浜 東海道新幹線・横浜線
71%
新潟県 吉田 越後線・弥彦線
71%
新潟県 越後湯沢 上越新幹線・上越線
71%
長野県 佐久平 北陸新幹線・小海線
71%
滋賀県 貴生川 草津線・信楽線
71%
大阪府 放出 片町線・おおさか東線
71%
大阪府 久宝寺 関西本線・おおさか東線
71%
大阪府 今宮 関西本線・大阪環状線
71%
兵庫県 西脇市 加古川線・鍛冶屋線
71%
鳥取県 倉吉 山陰本線・倉吉線
71%
島根県 宍道 山陰本線・木次線
71%
岡山県 茶屋町 宇野線・本四備讃線
71%
岡山県 東津山 姫新線・因美線
71%
広島県 塩町 芸備線・福塩線
71%
山口県 新下関 山陽新幹線・山陽本線
71%
山口県 幡生 山陽本線・山陰本線
71%
福岡県 門司 山陽本線・鹿児島本線
71%
福岡県 西小倉 鹿児島本線・日豊本線
71%
福岡県 香椎 鹿児島本線・香椎線
71%
福岡県 行橋 日豊本線・田川線
71%
福岡県 田川後藤寺 日田彦山線・後藤寺線・糸田線
71%
熊本県 新八代 九州新幹線・鹿児島本線
71%
宮崎県 南宮崎 日豊本線・日南線
71%
鹿児島県 鹿児島中央 九州新幹線・鹿児島本線・指宿枕崎線
71%
北海道 幌延 宗谷本線・羽幌線
68%
北海道 伊達紋別 室蘭本線・胆振線
68%
茨城県 友部 常磐線・水戸線
68%
東京都 御茶ノ水 中央本線・総武本線(支線)
68%
新潟県 宮内 信越本線・上越線
68%
三重県 河原田 関西本線・伊勢線
68%
京都府 西舞鶴 舞鶴線・舞鶴線(舞鶴港線)・宮津線
68%
奈良県 高田 和歌山線・桜井線
68%
鳥取県 郡家 因美線・若桜線
68%
岡山県 備中神代 伯備線・芸備線
68%
広島県 備後落合 芸備線・木次線
68%
徳島県 池谷 高徳線・鳴門線
68%
福岡県 折尾 鹿児島本線・筑豊本線
68%
福岡県 直方 筑豊本線・伊田線
68%
福岡県 新飯塚 筑豊本線・後藤寺線
68%
佐賀県 新鳥栖 九州新幹線・長崎本線
68%
佐賀県 佐賀 長崎本線・佐賀線
68%
佐賀県 江北 長崎本線・佐世保線
68%
長崎県 早岐 佐世保線・大村線
68%
長崎県 新大村 西九州新幹線・大村線
68%
宮崎県 延岡 日豊本線・高千穂線
68%
鹿児島県 隼人 日豊本線・肥薩線
68%
鹿児島県 国分 日豊本線・大隅線
68%
青森県 奥津軽いまべつ(津軽今別)・津軽二股 北海道新幹線・海峡線・津軽線
65%
宮城県 松島 東北本線・東北本線(支線)
65%
宮城県 岩切 東北本線・東北本線(利府線)
65%
宮城県 槻木 東北本線・丸森線
65%
福島県 白河 東北本線・白棚線
65%
新潟県 浦佐 上越新幹線・上越線
65%
大阪府 鴫野 片町線・おおさか東線
65%
大阪府 阪和線・阪和線(羽衣線)
65%
兵庫県 粟生 加古川線・北条線
65%
山口県 川西 岩徳線・岩日線
65%
山口県 櫛ヶ浜 山陽本線・岩徳線
65%
徳島県 佐古 高徳線・徳島線
65%
福岡県 吉塚 鹿児島本線・篠栗線・勝田線
65%
福岡県 筑後船小屋 九州新幹線・鹿児島本線
65%
佐賀県 伊万里 筑肥線・松浦線
65%
長崎県 浦上 長崎本線・長崎本線(支線)
65%
熊本県 宇土 鹿児島本線・三角線
65%
熊本県 人吉 肥薩線・湯前線
65%
宮崎県 田吉 日南線・宮崎空港線
65%
鹿児島県 志布志 日南線・志布志線・大隅線
65%
山形県 今泉 米坂線・長井線
61%
千葉県 市川塩浜 京葉線・京葉線(高谷支線)
61%
神奈川県 安善 鶴見線・鶴見線(大川支線)
61%
石川県 穴水 七尾線・能登線
61%
福井県 芦原温泉 北陸本線・三国線・(北陸新幹線)
61%
山口県 居能 宇部線・小野田線
61%
福岡県 田川伊田 日田彦山線・伊田線・田川線
61%
佐賀県 有田 佐世保線・松浦線
61%
佐賀県 山本 唐津線・唐津線(岸嶽支線)・筑肥線
61%
鹿児島県 吉松 肥薩線・吉都線
61%
北海道 興部 名寄本線・興浜南線
58%
北海道 標茶 釧網本線・標津線
58%
北海道 中標津 標津線・標津線(支線)
58%
北海道 鵡川 日高本線・富内線
58%
北海道 七飯 函館本線・函館本線(藤城支線)
58%
神奈川県 尻手 南武線・南武線(浜川崎支線)
58%
富山県 猪谷 高山本線・神岡線
58%
山口県 雀田 小野田線・小野田線(本山支線)
58%
福岡県 添田 日田彦山線・添田線
58%
佐賀県 基山 鹿児島本線・甘木線
58%
福島県 喜多方 磐越西線・日中線
55%
兵庫県 厄神 加古川線・三木線
55%
山口県 新岩国・御庄 山陽新幹線・岩日線
55%
愛媛県 向井原 予讃線・予讃線(支線)
55%
愛媛県 新谷 予讃線(支線)・内子線
55%
佐賀県 久保田 長崎本線・唐津線
55%
長崎県 喜々津 長崎本線・長崎本線(支線)
55%
熊本県 立野 豊肥本線・高森線
55%
宮崎県 日向市 日豊本線・細島線
55%
福島県 磐城棚倉 水郡線・白棚線
52%
東京都 国分寺 中央本線・中央本線(下河原線)
52%
神奈川県 浅野 鶴見線・鶴見線(海芝浦支線)
52%
神奈川県 寒川 相模線・相模線(寒川支線)
52%
愛知県 豊川 飯田線・飯田線(西豊川支線)
52%
兵庫県 篠山口 福知山線・篠山線
52%
福岡県 長者原 篠栗線・香椎線
52%
福岡県 飯塚 筑豊本線・上山田線
52%
福岡県 桂川 筑豊本線・篠栗線
52%
大分県 夜明 久大本線・日田彦山線
52%
北海道 浜頓別 天北線・興浜北線
48%
青森県 下北 大湊線・大畑線
48%
岩手県 茂市 山田線・岩泉線
48%
宮城県 高城町 東北本線(支線)・仙石線
48%
埼玉県 西浦和 武蔵野線・武蔵野線(大宮支線)
48%
徳島県 板野 高徳線・鍛冶屋原線
48%
宮崎県 佐土原 日豊本線・妻線
48%
北海道 美幌 石北本線・相生線
45%
北海道 厚床 根室本線・標津線(支線)
45%
北海道 国縫 函館本線・瀬棚線
45%
福岡県 城野 日豊本線・日田彦山線
45%
福岡県 宇美 香椎線・勝田線
45%
熊本県 水俣 鹿児島本線・山野線
45%
宮崎県 西都城 日豊本線・志布志線
45%
北海道 中湧別 名寄本線・名寄本線(支線)・湧網線
42%
北海道 知床斜里 釧網本線・根北線
42%
北海道 小沢 函館本線・岩内線
42%
埼玉県 与野 東北本線・武蔵野線(大宮支線)・武蔵野線(西浦和支線)
42%
新潟県 来迎寺 信越本線・魚沼線
42%
福岡県 原田 鹿児島本線・筑豊本線
42%
北海道 南小樽 函館本線・手宮線
39%
山口県 南大嶺 美祢線・美祢線(大嶺支線)
39%
福岡県 金田 伊田線・糸田線
39%
群馬県 長野原草津口 吾妻線・吾妻線(太子支線)
35%
滋賀県 木ノ本 北陸本線・柳ヶ瀬線
35%
福岡県 中間 筑豊本線・香月線
35%
長崎県 佐々 松浦線・臼ノ浦線
35%
鹿児島県 栗野 肥薩線・山野線
35%
兵庫県 塚口 福知山線・福知山線(尼崎港線)
32%
福岡県 羽犬塚 鹿児島本線・矢部線
32%
福岡県 瀬高 鹿児島本線・佐賀線
32%
北海道 渚滑 名寄本線・渚滑線
29%
北海道 京極 胆振線・胆振線(支線)
29%
福岡県 遠賀川 鹿児島本線・芦屋線・室木線
29%
福岡県 香春 日田彦山線・添田線
29%
福島県 松川 東北本線・川俣線
26%
愛媛県 五郎 予讃線・内子線
26%
福岡県 下鴨生 後藤寺線・漆生線
26%
鹿児島県 薩摩大口 山野線・宮之城線
26%
三重県 南四日市 関西本線・伊勢線
23%
福岡県 豊前川崎 日田彦山線・上山田線
23%
北海道 志文 室蘭本線・万字線
19%
宮城県 品井沼 東北本線・東北本線(旧線)
19%
北海道 三笠 幌内線・幌内線(支線)
16%
徳島県 中田 牟岐線・小松島線
16%
福岡県 下山田 漆生線・上山田線
16%
大分県 恵良 久大本線・宮原線
16%
福岡県 東小倉 鹿児島本線・日田線
13%
福岡県 勝野 筑豊本線・宮田線
13%
福岡県 小竹 筑豊本線・幸袋線
13%
長崎県 吉井 松浦線・世知原線
6%
長崎県 左石 松浦線・柚木線
3%
No matching quizzes found
Score Distribution
Percent of People with Each Score
Percentile by Number Answered
Your Score History
You have not taken this quiz since the last reset